Principles and practices of college teaching / (Record no. 98816)

MARC details
000 -LEADER
fixed length control field 00747nam a22002537i 4500
003 - CONTROL NUMBER IDENTIFIER
control field URS
005 - DATE AND TIME OF LATEST TRANSACTION
control field 20260224125536.0
008 - FIXED-LENGTH DATA ELEMENTS--GENERAL INFORMATION
fixed length control field 160516s1983 ph ||||| |||| 00| 0 eng d
040 ## - CATALOGING SOURCE
Transcribing agency URS
Modifying agency URS
050 00 - LIBRARY OF CONGRESS CALL NUMBER
Classification number LB15
Item number .G862 1983
100 1# - MAIN ENTRY--PERSONAL NAME
Personal name Gregorio, Herman C. Ph.D.
Relator term author
245 10 - TITLE STATEMENT
Title Principles and practices of college teaching /
Statement of responsibility, etc. Herman C. Gregorio, Ph.D.
250 ## - EDITION STATEMENT
Edition statement Rev ed.
264 #1 - PRODUCTION, PUBLICATION, DISTRIBUTION, MANUFACTURE, AND COPYRIGHT NOTICE
Place of production, publication, distribution, manufacture Philippines
Name of producer, publisher, distributor, manufacturer R.P. Garcia Publishing Inc.
Date of production, publication, distribution, manufacture, or copyright notice [date of publication not identified].
264 #4 - PRODUCTION, PUBLICATION, DISTRIBUTION, MANUFACTURE, AND COPYRIGHT NOTICE
Date of production, publication, distribution, manufacture, or copyright notice ©1983.
300 ## - PHYSICAL DESCRIPTION
Extent 340 p.
Other physical details ill.; 21 cm.
336 ## - CONTENT TYPE
Content type term text
Content type code txt
Source rdacontent
337 ## - MEDIA TYPE
Media type term unmediated
Media type code n
Source rdamedia
338 ## - CARRIER TYPE
Carrier type term volume
Carrier type code nc
Source rdacarrier
650 #0 - SUBJECT ADDED ENTRY--TOPICAL TERM
Topical term or geographic name entry element English
650 #0 - SUBJECT ADDED ENTRY--TOPICAL TERM
Topical term or geographic name entry element Teaching
650 #0 - SUBJECT ADDED ENTRY--TOPICAL TERM
Topical term or geographic name entry element Education
942 ## - ADDED ENTRY ELEMENTS (KOHA)
Koha item type Filipiniana
Source of classification or shelving scheme Library of Congress Classification

No items available.

University of Rizal System
Email us at univlibservices@urs.edu.ph

Visit our Website www.urs.edu.ph/library